Score 0/32 Timer 03:00
0 Plays Today
Hint 4-letter word % Correct
'All's ____ That Ends ____'WELL
96%
Large body of waterLAKE
94.3%
'As You ___ It'LIKE
93.3%
'____ Ado About Nothing'MUCH
93.2%
Of great heightTALL
93%
'The Winter's ____'TALE
92.5%
Continuous stone structureWALL
92%
Reach for and grabTAKE
91.7%
Vend goodsSELL
91%
Affected by illnessSICK
90.2%
Fiber from a wormSILK
89.3%
Romeo, Hamlet or Tybalt, genderwiseMALE
89%
Use a strawSUCK
85.6%
Shelf or slab at the foot of a doorwaySILL
84.3%
Embankment built to prevent floodingDIKE
81.6%
Of the type mentionedSUCH
81.5%
Hint 4-letter word % Correct
'Love's Labour's ____'LOST
81.3%
Repair socksDARN
80%
Title character descending into madness: King ____LEAR
79.2%
Get money for workingEARN
78.8%
Cease to haveLOSE
78.6%
Recurring Shakespeare themeLOVE
77.9%
Speed of sound base unitMACH
77.7%
Have the courage to do somethingDARE
76.4%
Heavy clubMACE
75.9%
Title of nobility worn by many Shakespeare charactersEARL
75.2%
Orsino, Antonio or Solinus, for exampleDUKE
65.7%
Change of place or directionMOVE
64.9%
For fear thatLEST
64.8%
SI-unit of amount of substanceMOLE
63.2%
Artificial watercourse or aqueduct (UK)LEAT
58.2%
To sustain (archaic)DURE
54.5%

Today's Daily Dose

Remove Ads.
Support Sporcle.
Get the best of Sporcle when you Go Orange. This ad-free experience offers more features, more stats, and more fun while also helping to support Sporcle. Thank you for becoming a member.

You're not logged in!

Compare scores with friends on all Sporcle quizzes.
OR
Log In

Show Comments

Extras

Top Quizzes Today


Score Distribution

Your Account Isn't Verified!

In order to create a playlist on Sporcle, you need to verify the email address you used during registration. Go to your Sporcle Settings to finish the process.

Report this User

Report this user for behavior that violates our Community Guidelines.

Details: